000 00603nam a2200217Ii 4500
003 JO-AjNU
008 230606s9999||||xx |||||||||||||| ||und||
020 _a81-7381-462-7
040 _aJO-AjNU
_beng
_erda
_cJO-AjNU
041 _aeng
050 1 4 _aQA304.2011
100 3 _aMaity,Ghosh,
_eauthor
_94663
245 0 0 _aDifferential Calculus An introduction to Analysis
264 3 1 _aLondon;ncb,2011
300 _a361p
336 _atext
_btxt
_2rdacontent
337 _aunmediated
_bn
_2rdamedia
338 _avolume
_bnc
_2rdacarrier
490 0 _aincluds
650 4 _a Computer science. 
_94664
999 _aE2417
_c2415
_d2415